000 01128nas a2200349 4500
001 BR7905728
003 BR-BrBNA
005 20231205083934.0
007 ta
008 230509b bl.|||p| |||| 00| 00por d
040 _aBR-BrBNA
_bpor
_cBiblioteca Nacional de Agricultura
041 _a(Pt)
072 _aF60; H50
100 1 _aMalavolta, E.
100 1 _aCoutinho, E.L.M.
100 1 _aVitti, G.C.
100 1 _aAlejo, N.U.
100 1 _aNovaes, N.J.
100 1 _aFurlani Neto, V.L.
245 1 _aEstudos sobre a nutricao mineral do sorgo sacarino (Sorghum bicolor (L.)Moench), 1: Deficiencias de macro e micronutrientes e toxidez de aluminio, cloro e manganes
650 _aNutricao vegetal
650 _aDisturbio vegetal
650 _aSorgo acucareiro
650 _aMacroelemento
650 _aMicroelemento
650 _aDeficiencia mineral
650 _aToxidez
650 _aMateria seca
773 0 _tAnais da Escola Superior de Agricultura Luiz de Queiroz (Brazil)
_xISSN 0071-1276
_g(1979), v. 36 p. 173-202
_wBR7905728
909 _a202311
_bLúcia
_c55
_dLúcia Elande
942 _2AGRIS
_n0
_cANA
999 _c102159
_d102159